| 000 | 00673nam a22001937a 4500 | ||
|---|---|---|---|
| 005 | 20251108164819.0 | ||
| 008 | 250721s1989 xx 000 0 ara d | ||
| 082 | 1 | 4 | _a870.9/أحم |
| 100 | 1 | _aعثمان، أحمد | |
| 245 | 1 | 0 | _aالأدب اللاتيني و دوره الحضاري حتى نهاية العصر الذهبي / |
| 264 | 1 |
_aالكويت : _bالمجلس الوطني للثقافه والفنون والأدب، _c1989. |
|
| 300 | _a320ص. | ||
| 490 | 0 | _aعالم المعرفه ؛141 | |
| 650 | 1 | 7 | _aالأدب اللاتيني |
| 650 | 1 | 7 | _aالتاريخ الأدبي |
| 650 | 1 | 7 | _aالنقد الأدبي |
| 942 |
_2ddc _cBK |
||
| 999 |
_c15009 _d15009 |
||